<?xml version="1.0" encoding="UTF-8"?>
<marc:record xmlns:marc="http://www.loc.gov/MARC21/slim">
   <marc:leader>00000nam a2200000 a 4500</marc:leader>
   <marc:datafield ind1="1" ind2=" " tag="100">
      <marc:subfield code="a">Tizian, Giovanni</marc:subfield>
      <marc:subfield code="4">aut</marc:subfield>
      <marc:subfield code="e">Verfasser/-in</marc:subfield>
   </marc:datafield>
   <marc:datafield ind1="1" ind2=" " tag="100">
      <marc:subfield code="a">Tizian, Giovanni</marc:subfield>
   </marc:datafield>
   <marc:datafield ind1=" " ind2=" " tag="653">
      <marc:subfield code="a">Geschichte 1988-2011</marc:subfield>
   </marc:datafield>
   <marc:datafield ind1=" " ind2=" " tag="653">
      <marc:subfield code="a">Camorra</marc:subfield>
   </marc:datafield>
   <marc:datafield ind1=" " ind2=" " tag="653">
      <marc:subfield code="a">Mafia</marc:subfield>
   </marc:datafield>
   <marc:datafield ind1=" " ind2=" " tag="653">
      <marc:subfield code="a">Ndrangheta</marc:subfield>
   </marc:datafield>
   <marc:datafield ind1=" " ind2=" " tag="653">
      <marc:subfield code="a">Softcover / Sachbücher/Politik</marc:subfield>
   </marc:datafield>
   <marc:datafield ind1=" " ind2=" " tag="653">
      <marc:subfield code="a">Gesellschaft</marc:subfield>
   </marc:datafield>
   <marc:datafield ind1=" " ind2=" " tag="653">
      <marc:subfield code="a">Wirtschaft/Gesellschaft</marc:subfield>
   </marc:datafield>
   <marc:datafield ind1=" " ind2=" " tag="653">
      <marc:subfield code="a">Mafia; Italien; Oberitalien; Norditalien; Camorra; Cosa Nostra; 'Ndrangheta; Clan; Pate; Bosse; Kalabrien; Sizilien; Emilia Romagna; Veneto; Mailand; Organisierte Kriminalität; Turin; San Marino; Wirtschaftskriminalität; Wirtschaftsverbrechen; True Crime;</marc:subfield>
   </marc:datafield>
   <marc:datafield ind1="0" ind2="0" tag="245">
      <marc:subfield code="a">Mafia AG</marc:subfield>
   </marc:datafield>
   <marc:datafield ind1="0" ind2="0" tag="245">
      <marc:subfield code="b">Camorra, Cosa Nostra und 'Ndrangheta erobern Norditalien</marc:subfield>
   </marc:datafield>
   <marc:datafield ind1="0" ind2="0" tag="245">
      <marc:subfield code="c">Giovanni Tizian. Aus dem Ital. von Alex Knaak</marc:subfield>
   </marc:datafield>
   <marc:datafield ind1=" " ind2="1" tag="264">
      <marc:subfield code="a">Berlin</marc:subfield>
      <marc:subfield code="b">Rotbuch-Verl.</marc:subfield>
      <marc:subfield code="c">2012</marc:subfield>
   </marc:datafield>
   <marc:datafield ind1=" " ind2=" " tag="250">
      <marc:subfield code="a">Dt. Erstausg., 1. Aufl.</marc:subfield>
   </marc:datafield>
   <marc:datafield ind1="1" ind2=" " tag="520">
      <marc:subfield code="a">Angaben aus der Verlagsmeldung

Mafia AG : Camorra, Cosa Nostra und 'Ndrangheta erobern Norditalien / von Giovanni Tizian

Gigantische 140 Milliarden Euro Umsatz jährlich – die »Mafia AG« ist die größte Wirtschaftskraft Italiens. Und doch hält sich hartnäckig das Vorurteil, Camorra &amp; Co. sei allein ein Problem des strukturschwachen Südens. Im Gegenteil: Nur im reichen Norden gibt es genügend zahlungskräftige Kunden für Drogengeschäfte; und nur dort, im ökonomischen Herzen des Landes, können Gelder im großen Stil »gewaschen« werden.
Giovanni Tizian enthüllt erstmals detailliert, wie sich das Vordringen der Clans in die Boomregionen abspielt und wie heimisch die Bosse sich zwischen Mailand, Florenz und Venedig heute schon fühlen. Er deckt Strategien und Methoden auf, erläutert die lukrativsten Branchen und analysiert beispielhaft, wie die Paten agieren. Gesundheitswesen? Schutzgelderpressung? Hoch- und Tiefbau? So vielfältig der »Konzern« ist, so profitabel ist er. Und dabei stets bereit, über Leichen zu gehen.
Giovanni Tizian ist eine faszinierende Innensicht auf die italienische Mafia gelungen, eine packend erzählte Reportage, voller brisanter Fakten.
</marc:subfield>
   </marc:datafield>
   <marc:datafield ind1=" " ind2=" " tag="020">
      <marc:subfield code="a">9783867891660</marc:subfield>
      <marc:subfield code="9">9783867891660</marc:subfield>
   </marc:datafield>
   <marc:datafield ind1=" " ind2=" " tag="020">
      <marc:subfield code="a">3867891664</marc:subfield>
      <marc:subfield code="9">3867891664</marc:subfield>
   </marc:datafield>
   <marc:datafield ind1=" " ind2=" " tag="041">
      <marc:subfield code="a">ger</marc:subfield>
   </marc:datafield>
   <marc:datafield ind1=" " ind2=" " tag="300">
      <marc:subfield code="a">414 S.</marc:subfield>
   </marc:datafield>
</marc:record>
